Sports Quiz

Random Sports or Basketball Quiz

NBA All-Star Roster 2011 Quiz Stats

 Plays Quiz not verified by Sporcle

Challenge
Share
Tweet
Embed
Score 0/25 Timer 04:00
0 Plays Today
Conference Player % Correct
WesternKobe Bryant
99%
WesternKevin Durant
99%
WesternChris Paul
98%
WesternCarmelo Anthony
98%
WesternTim Duncan
97%
WesternPau Gasol
96%
WesternYao Ming
96%
EasternDerrick Rose
96%
EasternDwyane Wade
96%
EasternDwight Howard
96%
EasternRay Allen
96%
EasternPaul Pierce
96%
WesternBlake Griffin
95%
Conference Player % Correct
WesternRussell Westbrook
95%
EasternLeBron James
95%
EasternChris Bosh
95%
EasternKevin Garnett
95%
WesternKevin Love
94.1%
EasternJoe Johnson
94.1%
EasternRajon Rondo
94.1%
WesternDirk Nowitzki
93.1%
EasternAmar'e Stoudemire
93.1%
WesternManu Ginobili
91.1%
WesternDeron Williams
90.1%
EasternAl Horford
89.1%

You're not logged in!

Compare scores with friends on all Sporcle quizzes.
Join for Free
OR
Log In

You Might Also Like...

Show Comments

Extras

Top Quizzes Today


Score Distribution

Your Account Isn't Verified!

In order to create a playlist on Sporcle, you need to verify the email address you used during registration. Go to your Sporcle Settings to finish the process.

Report this User

Report this user for behavior that violates our Community Guidelines.

Details: